00333nam a2200109Ia 4500008004100000245008600041260004800127260000900175300000900184500001400193650001600207170224s9999 xx 000 0 und d 4aThe relative benefits of green versus lean office space: Three field experiments. bJournal of Experimental Psychology: Applied c2014 a20:3 aSeptember xPsychology.